00646nam a2200229Ia 450000100060000000300090000600800410001504000130005604000130006904100130008210000210009510000280011624500250014424500390016925000110020826000110021926000210023026000490025130000570030065000280035765000310038517614IT-RoPAU130308s9999 xx 000 0 und d aIT-RoPAU cIT-RoPAU aITALIANO aVisconti Luchino gCodice Aut. SPICS: 626 aVisconti su Visconti bVisconti: Il Cinema-Tavola Rotonda a1a ed. aMODENA bComune Di Modena c1977 [1° Ed.:1977 - Ed.Ling.Originale:1975] a"52 p. (prefazione: no ; testo: 52 [pagine: 29-81])" aAUTORI/OPERE DEL CINEMA eCodice materia Spics: 6807